000 00544nam a22002177a 4500
003 UA-OsUOA
001 77920
007 ta
008 20110926b un ||||| |||| 00| 0 ukr d
100 _aКостюченко О.
090 _a908
_bК72
942 _cSA
040 _aUA-OsUOA
_bfre
_cUA-OsUOA
_dUA-OsUOA
245 _aАльбом "150 Святинь Великої Волині" в Острозі
300 _aС.8
955 _a0
041 _afre
080 _a908
773 0 _w77919
650 7 _a908 Краєзнавство
_2UDC
999 _c364229
_d364229